00563nam a2200181Ia 4500003000900000008004100009020001800050040001600068080001500084100002000099245013200119260004800251300001500299650001700314650001400331650001400345650002200359IN-BaIIA211028s9999 xx 000 0 eng d a0-521-37165-1 cIIA Library a92:52bKIL aKilmister, C. W 0aEddington's search for a fundamental theoryba key to the universecC. W Kilmister  aCambridgebCambridge University Pressc1994 axii, 256p. aAstrophysics aBiography aEddington aRelativity theory